Loading...
| Fine Arts - Classical Music | 3 | 20.00 | 100% | 67% | 33% |
| Fine Arts - Other | 7 | 12.86 | 100% | 29% | 0% |
| Fine Arts - Painting and Sculpture | 5 | 12.00 | 80% | 40% | 0% |
| Geography | 2 | 5.00 | 50% | 0% | 0% |
| History - American | 5 | 12.00 | 100% | 20% | 0% |
| History - European | 7 | 11.43 | 86% | 29% | 0% |
| History - Other | 3 | 13.33 | 100% | 33% | 0% |
| History - World | 2 | 5.00 | 50% | 0% | 0% |
| Literature - American | 3 | 10.00 | 67% | 0% | 33% |
| Literature - British | 7 | 12.86 | 100% | 29% | 0% |
| Literature - European | 6 | 15.00 | 83% | 67% | 0% |
| Literature - World | 4 | 17.50 | 100% | 75% | 0% |
| Mythology | 5 | 16.00 | 100% | 20% | 40% |
| Other Academic | 1 | 10.00 | 100% | 0% | 0% |
| Philosophy | 3 | 10.00 | 100% | 0% | 0% |
| Religion | 7 | 10.00 | 86% | 14% | 0% |
| Science - Biology | 4 | 15.00 | 100% | 50% | 0% |
| Science - Chemistry | 4 | 7.50 | 75% | 0% | 0% |
| Science - Other | 3 | 13.33 | 67% | 33% | 33% |
| Science - Physics | 3 | 10.00 | 100% | 0% | 0% |
| Social Science | 4 | 7.50 | 75% | 0% | 0% |